Lijn van de Belgische troonopvolging - Statistieken

Algemene statistieken
  • Deze quiz is 34 keer genomen
  • De gemiddelde score is 6 van 15
Antwoordstatistieken
Antwoord % Correct
Prinses Elisabeth
89%
Prinses Astrid
86%
Prins Laurent
75%
Prins Gabriël
68%
Prinses Eléonore
57%
Prins Emmanuel
54%
Prins Aymeric
29%
Prinses Louise
25%
Prins Nicolas
25%
Prins Amadeo
21%
Prinses Maria Laura
18%
Prins Joachim
18%
Aartshertogin Anna Astrid
14%
Prinses Laetitia Maria
11%
Prinses Luisa Maria
11%
Geen overeenkomende quizzen gevonden
Scoreverdeling
Procent van Mensen met Elke Score
Percentiel versus Aantal Correcte Antwoorden
Uw Scoregeschiedenis
U heeft deze quiz nog niet genomen